[Event "Sheffield"]
[Site "Sheffield"]
[Date "2024.04.14"]
[Round "8"]
[White "Wall, Tim"]
[Black "Chow, Samuel"]
[Result "1-0"]
[WhiteElo "2197"]
[BlackElo "2350"]
[PlyCount "81"]
[EventDate "2024.04.10"]
[EventType "tourn"]
[EventRounds "9"]
[EventCountry "ENG"]
[EventCategory "2"]
[SourceTitle "CB16_2024"]
[SourceDate "2024.04.17"]
[SourceVersion "1"]
[SourceVersionDate "2024.04.17"]
[SourceQuality "1"]

1. e4 e6 2. d4 d5 3. e5 c5 4. c3 Nc6 5. Nf3 Qb6 6. Bd3 cxd4 7. 0-0 Bd7 8. Re1 Nge7 9. h4 a6 10. h5 g6 11. Nbd2 gxh5 12. Nb3 dxc3 13. bxc3 Ng6 14. Nbd4 Qc7 15. Rb1 Be7 16. Qe2 Rg8 17. Bd2 h4 18. Kh1 Na5 19. Ng5 Rg7 20. Nh3 b5 21. f4 Nc4 22. Bc1 Kd8 23. Qh5 Qa5 24. Bxc4 bxc4 25. f5 exf5 26. Bh6 Rg8 27. Ng5 Qxc3 28. Nxf7+ Kc7 29. Be3 h3 30. Qxh3 Qd3 31. e6 Bb5 32. Nxf5 d4 33. Qg3+ Kb6 34. Bxd4+ Ka5 35. Bc3+ Ka4 36. Qxd3 cxd3 37. Nxe7 Nxe7 38. Re4+ Ka3 39. Rb3+ Kxa2 40. Rb2+ Ka3 41. Re1 1-0

[Event "Sheffield"]
[Site "Sheffield"]
[Date "2024.04.12"]
[Round "4"]
[White "Ledger, Andrew"]
[Black "Chow, Samuel"]
[Result "1/2-1/2"]
[WhiteElo "2336"]
[BlackElo "2350"]
[PlyCount "37"]
[EventDate "2024.04.10"]
[EventType "tourn"]
[EventRounds "9"]
[EventCountry "ENG"]
[EventCategory "2"]
[SourceTitle "CB16_2024"]
[SourceDate "2024.04.17"]
[SourceVersion "1"]
[SourceVersionDate "2024.04.17"]
[SourceQuality "1"]

1. Nf3 Nf6 2. c4 c5 3. g3 Nc6 4. Bg2 d5 5. cxd5 Nxd5 6. 0-0 e5 7. Nc3 Nc7 8. d3 Be7 9. Nd2 Bd7 10. Nc4 f6 11. f4 b5 12. Ne3 Rb8 13. Ned5 0-0 14. Be3 Nxd5 15. Nxd5 Bd6 16. Rc1 Nd4 17. fxe5 fxe5 18. Nc3 Be7 19. Rxf8+ 1/2-1/2

[Event "Sheffield"]
[Site "Sheffield"]
[Date "2024.04.10"]
[Round "1"]
[White "O'Gorman, Tom"]
[Black "Chow, Samuel"]
[Result "1/2-1/2"]
[WhiteElo "2321"]
[BlackElo "2350"]
[PlyCount "297"]
[EventDate "2024.04.10"]
[EventType "tourn"]
[EventRounds "9"]
[EventCountry "ENG"]
[EventCategory "2"]
[SourceTitle "CB16_2024"]
[SourceDate "2024.04.17"]
[SourceVersion "1"]
[SourceVersionDate "2024.04.17"]
[SourceQuality "1"]

1. e4 e6 2. d4 d5 3. Nc3 Nf6 4. e5 Nfd7 5. f4 c5 6. Nf3 Nc6 7. Be3 a6 8. Qd2 b5 9. Bd3 Qa5 10. 0-0 b4 11. Nd1 cxd4 12. Nxd4 Nxd4 13. Bxd4 Bc5 14. Bxc5 Qxc5+ 15. Kh1 0-0 16. a3 bxa3 17. Rxa3 f6 18. exf6 Nxf6 19. Ne3 Bb7 20. Qe2 Qd6 21. Ng4 Nxg4 22. Qxg4 Rf6 23. Qh5 h6 24. Qe5 Qxe5 25. fxe5 Rxf1+ 26. Bxf1 d4 27. Bd3 Rc8 28. Ra4 Rc5 29. Rxd4 Rxe5 30. Kg1 Rd5 31. Rb4 Rd7 32. Rb6 Kf7 33. b4 Kf6 34. Kf2 Ke5 35. Ke3 Bxg2 36. Rxa6 Rf7 37. Ra5+ Kd6 38. c4 Rf3+ 39. Kd2 Rh3 40. Ra7 g5 41. c5+ Ke5 42. Be2 Rxh2 43. Ke3 Rh3+ 44. Kf2 Bd5 45. b5 Rc3 46. c6 Rc2 47. c7 Kd6 48. b6 e5 49. Ke3 Be6 50. Ra8 Rc3+ 51. Kd2 Rb3 52. Rd8+ Kc6 53. c8Q+ Bxc8 54. Rxc8+ Kb7 55. Re8 Rxb6 56. Rxe5 Rf6 57. Ke3 Kc7 58. Kd4 Kd6 59. Rd5+ Ke7 60. Ra5 Kd6 61. Bh5 Rf4+ 62. Ke3 Rf6 63. Bg4 Rf4 64. Be2 Rf6 65. Bd3 Ke7 66. Bf5 Rb6 67. Kf3 Kf6 68. Bc2 Rc6 69. Bd3 Rd6 70. Be4 Rb6 71. Rd5 Rb3+ 72. Bd3 Rb6 73. Rf5+ Kg7 74. Rc5 Kf6 75. Kg4 Rb4+ 76. Bc4 Rb2 77. Rc6+ Kg7 78. Bd3 Rb3 79. Rg6+ Kf7 80. Rd6 Ke7 81. Rd4 Rb6 82. Kh5 Kf6 83. Bg6 Rb2 84. Kxh6 Rg2 85. Ra4 Rg1 86. Be4 Rg4 87. Ra6+ Ke5 88. Bb7 Rg1 89. Kh5 Kf5 90. Bc8+ Kf4 91. Ra4+ Ke5 92. Bg4 Rg2 93. Ra8 Kf4 94. Rf8+ Ke5 95. Kxg5 Rg1 96. Re8+ Kd6 97. Kf4 Rf1+ 98. Bf3 Kc5 99. Rd8 Kc4 100. Ke3 Re1+ 101. Kd2 Rg1 102. Be4 Rg3 103. Bd3+ Kc5 104. Kc3 Rh3 105. Rg8 Rh5 106. Ra8 Rh3 107. Ra5+ Kb6 108. Re5 Kc6 109. Kd4 Kd6 110. Ra5 Ke7 111. Be4 Rh2 112. Ke5 Re2 113. Ra7+ Ke8 114. Kd5 Kf8 115. Bf5 Re7 116. Ra1 Re2 117. Be4 Ke7 118. Ke5 Ke8 119. Ra6 Re1 120. Ra7 Re2 121. Kf5 Kd8 122. Bd5 Re7 123. Ra4 Re1 124. Be6 Ke7 125. Ra7+ Kd6 126. Bc4 Rc1 127. Bd3 Rc5+ 128. Kf4 Rc1 129. Ke4 Re1+ 130. Kd4 Ke6 131. Ra6+ Ke7 132. Bc4 Rd1+ 133. Kc5 Rc1 134. Re6+ Kd7 135. Rf6 Ke7 136. Rf7+ Ke8 137. Ra7 Kf8 138. Rc7 Rb1 139. Kd6 Rb6+ 140. Ke5 Rg6 141. Rf7+ Kg8 142. Bd5 Rg7 143. Rf1+ Kh7 144. Bf7 Rg2 145. Kf6 Rg7 146. Ke5 Kh6 147. Kf6 Rg6+ 148. Ke5 Rg7 149. Kf6 1/2-1/2

[Event "BCF-chT 2324 (4NCL)"]
[Site "England"]
[Date "2024.02.11"]
[Round "6.6"]
[White "Claridge Hansen, William"]
[Black "Chow, Samuel"]
[Result "0-1"]
[WhiteElo "2360"]
[BlackElo "2352"]
[PlyCount "58"]
[EventDate "2023.11.11"]
[EventType "team-tourn"]
[EventRounds "11"]
[EventCountry "ENG"]
[SourceTitle "CB11_2024"]
[SourceDate "2024.03.13"]
[SourceVersion "1"]
[SourceVersionDate "2024.03.13"]
[SourceQuality "1"]
[WhiteTeam "Oxford"]
[BlackTeam "Chessable White Rose II"]
[WhiteTeamCountry "ENG"]
[BlackTeamCountry "ENG"]

1. c4 g6 2. Nc3 c5 3. Nf3 Bg7 4. e3 Nf6 5. d4 cxd4 6. exd4 d5 7. cxd5 Nxd5 8. Qb3 Nxc3 9. bxc3 0-0 10. Be2 Nc6 11. 0-0 b6 12. Rd1 Bb7 13. Bf4 Rc8 14. Rac1 e6 15. Qa3 Qd5 16. c4 Qe4 17. Be3 Nxd4 18. Rxd4 Bxd4 19. Bxd4 Qxe2 20. Qe7 Rxc4 21. h4 Rxc1+ 22. Kh2 e5 23. Be3 Rfc8 24. Nxe5 Bd5 25. Qf6 Qf1 26. f3 R1c2 27. Kg3 Qxg2+ 28. Kf4 R8c4+ 29. Nxc4 Qxf3+ 0-1

[Event "BCF-chT 2324 (4NCL)"]
[Site "England"]
[Date "2024.02.10"]
[Round "5.6"]
[White "Chow, Samuel"]
[Black "Royal, Shreyas"]
[Result "0-1"]
[WhiteElo "2352"]
[BlackElo "2483"]
[PlyCount "82"]
[EventDate "2023.11.11"]
[EventType "team-tourn"]
[EventRounds "11"]
[EventCountry "ENG"]
[SourceTitle "CB11_2024"]
[SourceDate "2024.03.13"]
[SourceVersion "1"]
[SourceVersionDate "2024.03.13"]
[SourceQuality "1"]
[WhiteTeam "Chessable White Rose II"]
[BlackTeam "Wood Green Youth"]
[WhiteTeamCountry "ENG"]
[BlackTeamCountry "ENG"]

1. d4 Nf6 2. c4 g6 3. Nc3 Bg7 4. Nf3 0-0 5. g3 d5 6. cxd5 Nxd5 7. Bg2 Nxc3 8. bxc3 Nd7 9. 0-0 c6 10. Qb3 e5 11. Rd1 Qb6 12. Ba3 Re8 13. e3 exd4 14. cxd4 Nf6 15. Ne5 Be6 16. Qa4 Bd5 17. Nc4 Qc7 18. Rab1 Bxg2 19. Kxg2 b5 20. Qa5 Qd7 21. Nd2 Qd5+ 22. Kg1 Qxa2 23. Rdc1 Qe6 24. Qa6 Rac8 25. Rc2 Qf5 26. Rbc1 Qd3 27. Nf1 Ne4 28. Rxc6 Rcd8 29. Rc8 h5 30. Be7 Rxc8 31. Rxc8 Qe2 32. Rxe8+ Kh7 33. Qa1 Nxf2 34. h4 Nh3+ 35. Kh1 Qf2 36. Nd2 Qxd2 37. Qf1 Nf2+ 38. Kg1 Ng4 39. Qf3 Qe1+ 40. Kg2 Nxe3+ 41. Kh3 Ng4 0-1

[Event "BCF-chT 2223 (4NCL)"]
[Site "England"]
[Date "2023.02.12"]
[Round "6.3"]
[White "Chow, Samuel"]
[Black "Makkar, Rajat"]
[Result "1-0"]
[WhiteElo "2332"]
[BlackElo "2399"]
[PlyCount "137"]
[EventDate "2022.10.22"]
[EventType "team-swiss"]
[EventRounds "11"]
[EventCountry "ENG"]
[SourceTitle "CBM 213 Extra"]
[Source "ChessBase"]
[SourceDate "2023.05.31"]
[SourceVersion "1"]
[SourceVersionDate "2023.05.31"]
[SourceQuality "1"]
[WhiteTeam "Chessable White Rose II"]
[BlackTeam "The Sharks"]
[WhiteTeamCountry "ENG"]
[BlackTeamCountry "ENG"]

1. d4 Nf6 2. c4 g6 3. Nc3 Bg7 4. e4 d6 5. Nf3 0-0 6. Be2 e5 7. Be3 Ng4 8. Bg5 f6 9. Bh4 Nc6 10. d5 Ne7 11. h3 Nh6 12. g4 Nf7 13. Nd2 c6 14. Qb3 a6 15. a4 Qa5 16. 0-0 c5 17. f3 Qc7 18. Kg2 Bh6 19. Qc2 f5 20. Bd3 fxg4 21. hxg4 Bf4 22. Ne2 g5 23. Nxf4 gxh4 24. Nh5 Ng6 25. Be2 Ng5 26. Nb3 Nf4+ 27. Nxf4 Rxf4 28. Nc1 Qg7 29. Nd3 Rf7 30. Kh1 Bd7 31. Qd2 a5 32. b3 Kh8 33. Qe3 Raf8 34. Rf2 Qg6 35. Raf1 b6 36. Kh2 Bc8 37. Bd1 Rf6 38. Be2 R8f7 39. Bd1 Kg8 40. Ne1 Kf8 41. Ng2 Qh6 42. Qe1 h3 43. Ne3 Rf4 44. Nf5 Bxf5 45. gxf5 Rg7 46. Rc2 Qh5 47. Rc3 Nf7 48. Rc2 Qh6 49. Rg1 Rxg1 50. Qxg1 Ng5 51. Rc3 Qh5 52. Qf1 Qh4 53. Bc2 Qg4 54. Bd1 Qh4 55. Bc2 h5 56. Qe2 Nh7 57. Qe3 Nf6 58. Bd3 Rxf3 59. Qxf3 Ng4+ 60. Kh1 Nf2+ 61. Kh2 Ng4+ 62. Kh1 Qe1+ 63. Bf1 Qd2 64. Qg3 Nf2+ 65. Kg1 h2+ 66. Qxh2 Qxc3 67. Qxf2 Qxb3 68. Qd2 Qg3+ 69. Bg2 1-0

[Event "BCF-chT 2122 (4NCL)"]
[Site "England"]
[Date "2022.03.26"]
[Round "5.27"]
[White "Chow, Samuel"]
[Black "McDonald, Neil R"]
[Result "1/2-1/2"]
[WhiteElo "2326"]
[BlackElo "2408"]
[PlyCount "177"]
[EventDate "2021.11.27"]
[EventType "team-swiss"]
[EventRounds "11"]
[EventCountry "ENG"]
[SourceTitle "EXT 2023"]
[Source "ChessBase"]
[SourceDate "2022.10.05"]
[SourceVersion "1"]
[SourceVersionDate "2022.10.05"]
[SourceQuality "1"]
[WhiteTeam "Chessable White Rose"]
[BlackTeam "Wood Green"]
[WhiteTeamCountry "ENG"]
[BlackTeamCountry "ENG"]

1. d4 f5 2. c4 Nf6 3. g3 g6 4. Bg2 Bg7 5. Nf3 0-0 6. 0-0 d6 7. Nc3 Qe8 8. b3 e5 9. dxe5 dxe5 10. e4 Nc6 11. Nd5 Qd7 12. Ba3 Rd8 13. exf5 e4 14. Ng5 gxf5 15. Rc1 h6 16. Nxf6+ Bxf6 17. Qxd7 Rxd7 18. Ne6 Kf7 19. Nf4 Rd2 20. Nd5 Rxa2 21. Nxf6 Rxa3 22. Nd5 Rxb3 23. Nxc7 Rb8 24. Rb1 Rxb1 25. Rxb1 Be6 26. Nxe6 Kxe6 27. f3 exf3 28. Bxf3 Nd4 29. Bxb7 Kd6 30. Rd1 Kc5 31. Bd5 a5 32. Ra1 Nb3 33. Ra4 Rb4 34. Ra2 Kb6 35. Be6 Nc5 36. Bxf5 a4 37. g4 Rxc4 38. h4 Ne4 39. Kg2 Nc3 40. Ra1 Rf4 41. Kg3 Ne2+ 42. Kg2 Ka5 43. Bd7 Nc3 44. g5 Rxh4 45. gxh6 Rxh6 46. Bxa4 Nxa4 47. Kf3 Kb4 48. Ke4 Nc5+ 49. Kd5 Rh5+ 50. Kd6 Ne4+ 51. Ke6 Kb5 52. Rc1 Nc5+ 53. Kd6 Ne4+ 54. Ke6 Kb4 55. Rc2 Nc3 56. Rg2 Kc5 57. Rf2 Kd4 58. Rf5 Rh4 59. Rf1 Nd5 60. Rd1+ Ke4 61. Re1+ Ne3 62. Kd6 Kd4 63. Ke6 Rh6+ 64. Kd7 Nf5 65. Ra1 Kd5 66. Ra5+ Ke4 67. Ra1 Nd4 68. Ra4 Rg6 69. Ke7 Rb6 70. Ra1 Nc6+ 71. Kd6 Ne5+ 72. Ke7 Nd3 73. Rd1 Nb4 74. Re1+ Kd5 75. Rd1+ Kc5 76. Rc1+ Kb5 77. Kd7 Rb7+ 78. Kd6 Rh7 79. Ke6 Na6 80. Kd6 Rh6+ 81. Kd5 Nb4+ 82. Ke4 Rh4+ 83. Kf5 Nd5 84. Kg5 Rh3 85. Kg4 Rd3 86. Kf5 Nc3 87. Ke5 Kc4 88. Ke6 Kd4 89. Kf5 1/2-1/2

[Event "British Universities-ch"]
[Site "Chess.com INT"]
[Date "2022.03.05"]
[Round "9.1"]
[White "Chow, Samuel"]
[Black "Smith, George1111"]
[Result "1-0"]
[WhiteElo "2326"]
[BlackElo "1580"]
[PlyCount "53"]
[EventDate "2022.03.05"]
[EventType "swiss"]
[EventRounds "9"]
[EventCountry "ENG"]
[SourceTitle "EXT 2023"]
[Source "ChessBase"]
[SourceDate "2022.10.05"]
[SourceVersion "1"]
[SourceVersionDate "2022.10.05"]
[SourceQuality "1"]
[WhiteTeam "Warwick (Queens)"]
[BlackTeam "Imperial"]
[WhiteTeamCountry "ENG"]
[BlackTeamCountry "ENG"]

1. d4 f5 2. c4 Nf6 3. Nf3 e6 4. Nc3 Be7 5. g3 0-0 6. Bg2 d6 7. 0-0 Ne4 8. Nxe4 fxe4 9. Ne1 d5 10. Be3 Nc6 11. Rc1 Bd7 12. cxd5 exd5 13. Qb3 Bg4 14. f3 Bc8 15. fxe4 Rxf1+ 16. Kxf1 Na5 17. Qxd5+ Qxd5 18. exd5 c6 19. Bd2 b6 20. b4 Nb7 21. dxc6 Nd6 22. c7 Nb7 23. Nd3 a6 24. Ne5 Bd6 25. Bd5+ Kf8 26. Nf7 Ra7 27. Bxb7 1-0

[Event "British Universities-ch"]
[Site "Chess.com INT"]
[Date "2022.03.05"]
[Round "4.1"]
[White "Movileanu, Daniela"]
[Black "Chow, Samuel"]
[Result "0-1"]
[WhiteElo "2176"]
[BlackElo "2326"]
[PlyCount "104"]
[EventDate "2022.03.05"]
[EventType "swiss"]
[EventRounds "9"]
[EventCountry "ENG"]
[SourceTitle "EXT 2023"]
[Source "ChessBase"]
[SourceDate "2022.10.05"]
[SourceVersion "1"]
[SourceVersionDate "2022.10.05"]
[SourceQuality "1"]
[WhiteTeam "LSE"]
[BlackTeam "Warwick (Queens)"]
[WhiteTeamCountry "ENG"]
[BlackTeamCountry "ENG"]

1. e4 e6 2. d4 d5 3. Nd2 c5 4. exd5 Qxd5 5. Ngf3 cxd4 6. Bc4 Qd6 7. Qe2 Nf6 8. Nb3 Nc6 9. Bg5 Be7 10. 0-0-0 0-0 11. Nbxd4 Nxd4 12. Nxd4 Qc5 13. h4 a6 14. Kb1 b5 15. Bb3 a5 16. Qxb5 Qxb5 17. Nxb5 a4 18. Bc4 Bb7 19. f3 h6 20. Bxf6 Bxf6 21. a3 Rab8 22. Nd4 e5 23. Nf5 e4 24. Nd4 exf3 25. gxf3 Rfd8 26. c3 Bxd4 27. Rxd4 Rxd4 28. cxd4 Rd8 29. Rd1 Bxf3 30. Rd2 Be4+ 31. Ka2 g5 32. hxg5 hxg5 33. d5 g4 34. d6 g3 35. Bf1 f5 36. b3 axb3+ 37. Kxb3 Kf7 38. Kb4 Ke6 39. Kc5 Rc8+ 40. Kb5 Kd7 41. a4 Rc6 42. a5 Rxd6 43. Rb2 Rd1 44. Bh3 Rh1 45. Rd2+ Ke7 46. Bxf5 Bxf5 47. Rg2 Rh3 48. a6 Kf6 49. a7 Be4 50. Rg1 g2 51. Re1 Ra3 52. Kb6 Kf5 0-1

[Event "BCF-chT 2122 (4NCL)"]
[Site "England"]
[Date "2022.02.13"]
[Round "4.34"]
[White "Chow, Samuel"]
[Black "Redmond, John P"]
[Result "1/2-1/2"]
[WhiteElo "2326"]
[BlackElo "2210"]
[PlyCount "44"]
[EventDate "2021.11.27"]
[EventType "team-swiss"]
[EventRounds "11"]
[EventCountry "ENG"]
[SourceTitle "EXT 2023"]
[Source "ChessBase"]
[SourceDate "2022.10.05"]
[SourceVersion "1"]
[SourceVersionDate "2022.10.05"]
[SourceQuality "1"]
[WhiteTeam "Chessable White Rose"]
[BlackTeam "West is Best"]
[WhiteTeamCountry "ENG"]
[BlackTeamCountry "ENG"]

1. d4 d5 2. c4 e6 3. Nf3 Nf6 4. Nc3 c5 5. cxd5 cxd4 6. Qxd4 exd5 7. e4 dxe4 8. Qxd8+ Kxd8 9. Ng5 Be6 10. Nxe6+ fxe6 11. Bg5 Ke8 12. Bb5+ Kf7 13. 0-0 Be7 14. Rad1 Na6 15. Bxf6 gxf6 16. Nxe4 Rhd8 17. Rfe1 f5 18. Ng3 Bb4 19. Rf1 Bd2 20. Bc4 Kf6 21. Nh5+ Kg6 22. Ng3 Kf6 1/2-1/2

[Event "Checkmate Covid Rematch"]
[Site "Chess.com INT"]
[Date "2021.06.06"]
[Round "?"]
[White "Chow, Samuel"]
[Black "Pitcher, John"]
[Result "1-0"]
[WhiteElo "2345"]
[BlackElo "2210"]
[PlyCount "53"]
[EventDate "2021.06.05"]
[EventType "swiss (blitz)"]
[EventRounds "20"]
[EventCountry "ENG"]
[SourceTitle "CBM 202 Extra"]
[Source "ChessBase"]
[SourceDate "2021.07.31"]
[SourceVersion "1"]
[SourceVersionDate "2021.07.31"]
[SourceQuality "1"]

1. d4 d5 2. c4 c6 3. Nf3 Nf6 4. e3 a6 5. Be2 Bf5 6. Qb3 Ra7 7. Nc3 e6 8. Nh4 Be4 9. f3 Bg6 10. 0-0 Bd6 11. Bd2 Nbd7 12. cxd5 exd5 13. e4 Be7 14. Nxg6 hxg6 15. e5 Nh7 16. f4 Nhf8 17. Be3 Ne6 18. Rad1 Qb6 19. Qc2 Ra8 20. f5 gxf5 21. Qxf5 Rf8 22. Bh5 Qxb2 23. Bxf7+ Kd8 24. Nxd5 cxd5 25. Qxe6 Rc8 26. Qxd5 Rc2 27. e6 1-0

[Event "Checkmate Covid Rematch"]
[Site "Chess.com INT"]
[Date "2021.06.06"]
[Round "?"]
[White "Siddharth, Jagadeesh"]
[Black "Chow, Samuel"]
[Result "1/2-1/2"]
[WhiteElo "2331"]
[BlackElo "2345"]
[PlyCount "109"]
[EventDate "2021.06.05"]
[EventType "swiss (blitz)"]
[EventRounds "20"]
[EventCountry "ENG"]
[SourceTitle "CBM 202 Extra"]
[Source "ChessBase"]
[SourceDate "2021.07.31"]
[SourceVersion "1"]
[SourceVersionDate "2021.07.31"]
[SourceQuality "1"]

1. e4 e6 2. d4 d5 3. exd5 exd5 4. Bd3 Nf6 5. Nf3 c5 6. Qe2+ Qe7 7. Qxe7+ Bxe7 8. dxc5 Bxc5 9. 0-0 0-0 10. Nc3 h6 11. Bf4 Nc6 12. h3 a6 13. Rfe1 b5 14. Ne2 Ne4 15. Be3 Bxe3 16. fxe3 Nc5 17. Nf4 Be6 18. Nd4 Rac8 19. c3 g5 20. Nfxe6 fxe6 21. Be2 e5 22. Nxc6 Rxc6 23. Rad1 Rd6 24. c4 d4 25. exd4 exd4 26. cxb5 d3 27. Bf1 axb5 28. b4 Na6 29. Bxd3 Rfd8 30. Be2 Rxd1 31. Bxd1 Nxb4 32. Bb3+ Kg7 33. Re7+ Kf6 34. Rb7 Rd2 35. Rxb5 Nxa2 36. Rb6+ Kg7 37. Rb7+ Kf6 38. Rf7+ Kg6 39. Rf3 Nc1 40. Bc4 Ne2+ 41. Bxe2 Rxe2 42. Kh2 Rd2 43. Ra3 Rc2 44. Ra6+ Kg7 45. Kg3 Rc4 46. Re6 Rf4 47. Re3 Kg6 48. Rf3 Rxf3+ 49. Kxf3 Kf5 50. g4+ Ke5 51. Ke3 Kd5 52. Kd3 Ke5 53. Ke3 Kd5 54. Kd3 Ke5 55. Ke3 1/2-1/2

[Event "Checkmate Covid Rematch"]
[Site "Chess.com INT"]
[Date "2021.06.05"]
[Round "?"]
[White "Arkell, Keith C"]
[Black "Chow, Samuel"]
[Result "1-0"]
[WhiteElo "2381"]
[BlackElo "2345"]
[PlyCount "143"]
[EventDate "2021.06.05"]
[EventType "swiss (blitz)"]
[EventRounds "20"]
[EventCountry "ENG"]
[SourceTitle "CBM 202 Extra"]
[Source "ChessBase"]
[SourceDate "2021.07.31"]
[SourceVersion "1"]
[SourceVersionDate "2021.07.31"]
[SourceQuality "1"]

1. d4 Nf6 2. Nf3 g6 3. c4 Bg7 4. g3 c6 5. Bg2 d5 6. cxd5 cxd5 7. Nc3 0-0 8. Ne5 Nc6 9. Nxc6 bxc6 10. 0-0 Nd7 11. Na4 e5 12. dxe5 Nxe5 13. Be3 Re8 14. Bd4 Bf8 15. Rc1 Bd7 16. Nc5 Nc4 17. b3 Nd6 18. Qc2 Bf5 19. Qb2 Nb5 20. Bf6 Qb6 21. Na4 Qc7 22. b4 Qd6 23. Nc5 Rxe2 24. Qxe2 Qxf6 25. Rfd1 Bh6 26. f4 Nc3 27. Qb2 Bg7 28. Re1 Rb8 29. a3 a5 30. Kh1 axb4 31. axb4 Qd4 32. Na6 Ra8 33. Nc5 Ra2 34. Re8+ Bf8 35. Qxc3 Qxc3 36. Rxc3 Ra1+ 37. Bf1 Bh3 38. Rf3 Bxf1 39. Rxf1 Rxf1+ 40. Kg2 Rb1 41. Nd7 Rxb4 42. Rxf8+ Kg7 43. Rc8 Rb2+ 44. Kh3 Rc2 45. g4 d4 46. g5 f5 47. gxf6+ Kf7 48. Rc7 Ke6 49. Kg3 d3 50. Ne5 d2 51. Rd7 Kxf6 52. Nf3 Rc3 53. Rxd2 Kf5 54. Re2 c5 55. Re5+ Kf6 56. h4 c4 57. Rc5 Kg7 58. Kg4 Kf6 59. Rc7 h5+ 60. Kg3 Kf5 61. Rc5+ Ke4 62. Re5+ Kd3 63. Re6 Kc2 64. Rxg6 Kb3 65. Rb6+ Kc2 66. Rh6 Kc1 67. Rxh5 Rd3 68. Rc5 c3 69. Kg4 c2 70. Ne5 Kd1 71. Nxd3 c1Q 72. Rc2 1-0

[Event "Checkmate Covid Rematch"]
[Site "Chess.com INT"]
[Date "2021.06.05"]
[Round "?"]
[White "Zabrocki, Philip"]
[Black "Chow, Samuel"]
[Result "1-0"]
[WhiteElo "1948"]
[BlackElo "2345"]
[PlyCount "35"]
[EventDate "2021.06.05"]
[EventType "swiss (blitz)"]
[EventRounds "20"]
[EventCountry "ENG"]
[SourceTitle "CBM 202 Extra"]
[Source "ChessBase"]
[SourceDate "2021.07.31"]
[SourceVersion "1"]
[SourceVersionDate "2021.07.31"]
[SourceQuality "1"]

1. e4 e6 2. d4 d5 3. exd5 exd5 4. Nf3 Nf6 5. Bd3 c5 6. 0-0 Nc6 7. Bg5 c4 8. Re1+ Be7 9. Bxf6 gxf6 10. Bf1 Bg4 11. b3 cxb3 12. axb3 Bxf3 13. Qxf3 Nxd4 14. Qxf6 0-0 15. Qxd4 Bf6 16. Qg4+ Kh8 17. Ra4 Qc7 18. Qf5 1-0

[Event "English Online Blitz"]
[Site "Chess.com INT"]
[Date "2020.05.16"]
[Round "1.24"]
[White "Chow, Samuel"]
[Black "Kalavannan, Koby"]
[Result "1-0"]
[WhiteElo "2345"]
[BlackElo "2324"]
[PlyCount "209"]
[EventDate "2020.05.16"]
[EventType "k.o. (blitz)"]
[EventRounds "4"]
[EventCountry "ENG"]
[SourceTitle "CBM 196 Extra"]
[Source "ChessBase"]
[SourceDate "2020.07.31"]
[SourceVersion "1"]
[SourceVersionDate "2020.07.31"]
[SourceQuality "1"]

1. d4 Nf6 2. c4 g6 3. Nc3 Bg7 4. Nf3 d6 5. g3 0-0 6. Bg2 Nc6 7. 0-0 Bf5 8. d5 Na5 9. Nd4 Bd7 10. b3 c5 11. dxc6 Nxc6 12. Bb2 Nxd4 13. Qxd4 Bc6 14. Qd2 Qa5 15. Rfd1 Rfd8 16. Nd5 Qxd2 17. Nxf6+ Bxf6 18. Rxd2 Bxb2 19. Rxb2 Bxg2 20. Kxg2 d5 21. cxd5 Rxd5 22. Rc1 Rd7 23. Rbc2 Kg7 24. e4 Rad8 25. Re2 e5 26. f4 Kf6 27. Kf2 h5 28. Rc5 exf4 29. gxf4 Ke6 30. Re5+ Kf6 31. Rc5 h4 32. Kf3 Rd1 33. Kg4 Rg1+ 34. Kf3 h3 35. Rf2 Rd3+ 36. Ke2 Rdd1 37. Rc3 Rde1+ 38. Kf3 Ra1 39. Rcc2 a6 40. Ke3 Rae1+ 41. Kf3 Rd1 42. Ke3 Kg7 43. e5 Kh6 44. Rf3 Kh5 45. Rxh3+ Kg4 46. Rh7 Rge1+ 47. Kf2 Rf1+ 48. Ke3 Rde1+ 49. Re2 Rf3+ 50. Kd2 Rxe2+ 51. Kxe2 Rxf4 52. e6 Re4+ 53. Kf2 Rxe6 54. Rxf7 b6 55. Rf3 Rc6 56. Rg3+ Kh4 57. a4 Rc2+ 58. Kg1 g5 59. Rd3 Rb2 60. Rc3 Kg4 61. Rd3 Kf4 62. Rc3 Rd2 63. Rc4+ Kf3 64. Rc3+ Kg4 65. Rc4+ Kh3 66. Rc3+ Kh4 67. Rc6 b5 68. axb5 axb5 69. Rc5 Kh3 70. Rc3+ Kh4 71. Rc5 b4 72. Re5 Rd4 73. Re3 Kg4 74. Re8 Kf4 75. Rf8+ Ke3 76. Rg8 g4 77. Rc8 Kd3 78. Kg2 Re4 79. Kg3 Re2 80. Rc4 Re4 81. Rxe4 Kxe4 82. Kxg4 Kd3 83. h4 Kc3 84. h5 Kxb3 85. h6 Ka2 86. h7 b3 87. h8Q b2 88. Qg8+ Ka1 89. Qg7 Ka2 90. Qf7+ Ka1 91. Qf6 Ka2 92. Qe6+ Ka1 93. Qe5 Ka2 94. Qd5+ Ka1 95. Qd4 Ka2 96. Qa4+ Kb1 97. Kf3 Kc1 98. Qc4+ Kd2 99. Qb3 Kc1 100. Qc3+ Kb1 101. Ke2 Ka2 102. Qc2 Ka1 103. Qa4+ Kb1 104. Kd3 Kc1 105. Qc2# 1-0

[Event "English Online Blitz Gp2"]
[Site "Chess.com INT"]
[Date "2020.05.09"]
[Round "6"]
[White "Chow, Samuel"]
[Black "Claridge Hansen, William"]
[Result "1-0"]
[WhiteElo "2345"]
[BlackElo "2290"]
[PlyCount "119"]
[EventDate "2020.05.09"]
[EventType "swiss (blitz)"]
[EventRounds "11"]
[EventCountry "ENG"]
[SourceTitle "CBM 196 Extra"]
[Source "ChessBase"]
[SourceDate "2020.07.31"]
[SourceVersion "1"]
[SourceVersionDate "2020.07.31"]
[SourceQuality "1"]

1. d4 Nf6 2. c4 c5 3. d5 b5 4. Qc2 bxc4 5. e4 e6 6. Bxc4 exd5 7. exd5 d6 8. Nf3 Be7 9. 0-0 0-0 10. Bf4 Nbd7 11. h3 Nb6 12. Rd1 Bb7 13. Bh2 Nbxd5 14. Nc3 Nb4 15. Qe2 Re8 16. a3 Nc6 17. Nb5 a6 18. Nxd6 Bxd6 19. Rxd6 Rxe2 20. Rxd8+ Rxd8 21. Bxe2 Nd4 22. Nxd4 cxd4 23. Rd1 Be4 24. Bxa6 Bc2 25. Rd2 d3 26. f3 h5 27. Kf2 Kf8 28. g4 hxg4 29. hxg4 Nh7 30. Bc7 Rd7 31. Ba5 Ng5 32. Bb4+ Kg8 33. Ke3 f5 34. gxf5 Kh7 35. Bxd3 Bxd3 36. Rxd3 Rf7 37. Rd5 g6 38. f4 Nh3 39. fxg6+ Kxg6 40. Rd6+ Kf5 41. Rd4 Rg7 42. Rd5+ Ke6 43. Re5+ Kf6 44. Bc3 Rg3+ 45. Ke4 Nf2+ 46. Kd5 Rd3+ 47. Kc4 Kf7 48. a4 Rf3 49. f5 Ng4 50. Rc5 Ne3+ 51. Kb5 Nxf5 52. a5 Ke6 53. a6 Nd6+ 54. Kb6 Kd7 55. Rc7+ Kd8 56. Rh7 Nc8+ 57. Kb7 Nd6+ 58. Kc6 Ne8 59. a7 Nc7 60. Rxc7 1-0